LEADER 01063nam a2200277 i 4500 001 000000151873 003 CaOOAMICUS 005 20060714000000.0 008 060714s2002 it u000 u ita u 013 $a129214 020 $a88-7078-777-X 040 $aSeMil$bita 100 1 $aVolli, Ugo.$0(OLS)http://semarc/name/48124 245 10$aFigure del desiderio :$bcorpo, testo, mancanza /$cUgo Volli. 260 $aMilano :$bRaffaello Cortina,$c2002. 300 $a363 p. ;$c20 cm. 490 0 $aMinima ;$v67 500 $aContiene : Bibliografia. 650 4$aDesiderio.$0(OLS)http://semarc/subject/14837 830 0$aMinima ;$v67.$0(OLS)http://semarc/title/6338 850 $aSeMil 852 $aSeMil$W1$xVenegono$y1$m2O I 423$j103852$B103852$CSeMilBibl$Z2$F113313 $81 961 $aOmaggio: Monti don Eros 996 $6020$a88-7078-777-X$9(OLS)http://semarc/number/141497 996 $6245$aFigure del desiderio :$bcorpo, testo, mancanza$9(OLS)http://semarc/title/221982 996 $6260$aMilano :$bRaffaello Cortina$9(OLS)http://semarc/publisher/31196 LEADER 00954nam a2200241 i 4500 001 000000074655 003 CaOOAMICUS 005 20040528000000.0 008 040528s1992 it u000 u ita u 013 $a45827 020 $a88-11-34019-5 040 $aSeMil$bita 100 1 $aDe'Seta, Cesare.$0(OLS)http://semarc/name/36950 245 12$aL'architettura del Novecento /$cCesare de' Seta. 300 $a317 p. :$briccamente ill. 500 $aContiene : Bibliografia ; Fonti iconografiche. 650 4$aArchitettura - Italia - Storia - Sec. 20.$0(OLS)http://semarc/subject/15238 773 0 $tStoria dell'Arte in Italia.$dMilano : Garzanti, [198-]-[199-]$w()380 850 $aSeMil 852 $aSeMil$W1$xVenegono$y1$m5I XVI 8$j40807$B40807$CSeMilBibl$Z2$F40811 $8I 961 $aAcquisto: Casa editrice 996 $6020$a88-11-34019-5$9(OLS)http://semarc/number/54889 996 $6245$aL'architettura del Novecento$9(OLS)http://semarc/title/121041